<?xml version="1.0" encoding="UTF-8"?>
<record
    xmlns:xsi="http://www.w3.org/2001/XMLSchema-instance"
    xsi:schemaLocation="http://www.loc.gov/MARC21/slim http://www.loc.gov/standards/marcxml/schema/MARC21slim.xsd"
    xmlns="http://www.loc.gov/MARC21/slim">

  <leader>01137nam0a2200325 i 4500</leader>
  <controlfield tag="001">RU\NLR\bibl\1919314</controlfield>
  <controlfield tag="005">20241104173734.0</controlfield>
  <datafield tag="010" ind1=" " ind2=" ">
    <subfield code="a">9785903788170</subfield>
  </datafield>
  <datafield tag="021" ind1=" " ind2=" ">
    <subfield code="a">RU</subfield>
    <subfield code="b">2012-42337</subfield>
    <subfield code="9">3134</subfield>
  </datafield>
  <datafield tag="035" ind1=" " ind2=" ">
    <subfield code="a">(nilc)RSL-KNO-005452880</subfield>
  </datafield>
  <datafield tag="035" ind1=" " ind2=" ">
    <subfield code="a">(NLR Aleph) 001908789</subfield>
  </datafield>
  <datafield tag="090" ind1=" " ind2=" ">
    <subfield code="a">3147632</subfield>
    <subfield code="c">3147632</subfield>
  </datafield>
  <datafield tag="100" ind1=" " ind2=" ">
    <subfield code="a">20120618d2012    u  y0rusy50      ca</subfield>
  </datafield>
  <datafield tag="101" ind1="1" ind2=" ">
    <subfield code="a">rus</subfield>
    <subfield code="c">und</subfield>
  </datafield>
  <datafield tag="102" ind1=" " ind2=" ">
    <subfield code="a">RU</subfield>
  </datafield>
  <datafield tag="105" ind1=" " ind2=" ">
    <subfield code="a">a   |||||||||</subfield>
  </datafield>
  <datafield tag="200" ind1="1" ind2=" ">
    <subfield code="a">&#x41C;&#x430;&#x440;&#x442;&#x438;&#x43D; &#x41F;&#x430;&#x440;&#x440;: &#x432; &#x441;&#x432;&#x43E;&#x435;&#x43C; &#x436;&#x430;&#x43D;&#x440;&#x435;</subfield>
    <subfield code="e">&#x438;&#x43D;&#x442;&#x435;&#x440;&#x432;&#x44C;&#x44E; &#x441; &#x41A;&#x432;&#x435;&#x43D;&#x442;&#x438;&#x43D;&#x43E;&#x43C; &#x411;&#x430;&#x436;&#x430;&#x43A;&#x43E;&#x43C;</subfield>
    <subfield code="e">[&#x43F;&#x435;&#x440;&#x435;&#x432;&#x43E;&#x434;]</subfield>
  </datafield>
  <datafield tag="210" ind1=" " ind2=" ">
    <subfield code="a">&#x41C;&#x43E;&#x441;&#x43A;&#x432;&#x430;</subfield>
    <subfield code="c">Treemedia</subfield>
    <subfield code="d">2012</subfield>
  </datafield>
  <datafield tag="215" ind1=" " ind2=" ">
    <subfield code="a">123, [2] &#x441;.</subfield>
    <subfield code="c">&#x438;&#x43B;., &#x446;&#x432;. &#x438;&#x43B;., &#x43F;&#x43E;&#x440;&#x442;&#x440;.</subfield>
    <subfield code="d">21</subfield>
  </datafield>
  <datafield tag="600" ind1=" " ind2="1">
    <subfield code="a">&#x41F;&#x430;&#x440;&#x440;</subfield>
    <subfield code="b">&#x41C;.</subfield>
    <subfield code="f">1952</subfield>
    <subfield code="g">&#x41C;&#x430;&#x440;&#x442;&#x438;&#x43D;</subfield>
    <subfield code="x">&#x418;&#x43D;&#x442;&#x435;&#x440;&#x432;&#x44C;&#x44E;</subfield>
    <subfield code="9">2135582</subfield>
    <subfield code="3">RU\NLR\auth\661592120</subfield>
  </datafield>
  <datafield tag="686" ind1=" " ind2=" ">
    <subfield code="a">&#x429;163(4&#x412;&#x43B;)6-8&#x41F;&#x430;&#x440;&#x440; &#x41C;.12&#x44F;6</subfield>
    <subfield code="2">rubbk</subfield>
  </datafield>
  <datafield tag="686" ind1=" " ind2=" ">
    <subfield code="a">&#x429;163(4&#x412;&#x43B;)6-8&#x41F;&#x430;&#x440;&#x440;</subfield>
  </datafield>
  <datafield tag="700" ind1=" " ind2="1">
    <subfield code="a">&#x41F;&#x430;&#x440;&#x440;</subfield>
    <subfield code="b">&#x41C;.</subfield>
    <subfield code="f">1952-</subfield>
    <subfield code="g">&#x41C;&#x430;&#x440;&#x442;&#x438;&#x43D;</subfield>
    <subfield code="4">070</subfield>
  </datafield>
  <datafield tag="701" ind1=" " ind2="1">
    <subfield code="a">&#x411;&#x430;&#x436;&#x430;&#x43A;</subfield>
    <subfield code="b">&#x41A;.</subfield>
    <subfield code="g">&#x41A;&#x432;&#x435;&#x43D;&#x442;&#x438;&#x43D;</subfield>
    <subfield code="4">070</subfield>
  </datafield>
  <datafield tag="801" ind1=" " ind2="0">
    <subfield code="a">RU</subfield>
    <subfield code="b">RuMoRKP</subfield>
    <subfield code="c">20120618</subfield>
    <subfield code="g">rcr</subfield>
  </datafield>
  <datafield tag="801" ind1=" " ind2="1">
    <subfield code="a">RU</subfield>
    <subfield code="b">&#x420;&#x413;&#x411;</subfield>
    <subfield code="c">20120618</subfield>
  </datafield>
  <datafield tag="801" ind1=" " ind2="2">
    <subfield code="a">RU</subfield>
    <subfield code="b">NLR</subfield>
    <subfield code="c">20120628</subfield>
    <subfield code="g">rcr</subfield>
  </datafield>
  <datafield tag="942" ind1=" " ind2=" ">
    <subfield code="c">BOOK</subfield>
  </datafield>
  <datafield tag="980" ind1=" " ind2=" ">
    <subfield code="a">NBR</subfield>
  </datafield>
</record>
